LIBRARY & INFORMATION CENTRE, KCAET, TAVANUR

ONLINE PUBLIC ACCESS CATALOGUE (OPAC)

തന്നത്താൻ നഷ്ടപ്പെട്ടും പിന്നെത്താൻ കണ്ടെത്തിയും (Record no. 17679)

MARC details
000 -LEADER
fixed length control field 00509nam a22001577a 4500
003 - CONTROL NUMBER IDENTIFIER
control field OSt
008 - FIXED-LENGTH DATA ELEMENTS--GENERAL INFORMATION
fixed length control field 230509b |||||||| |||| 00| 0 eng d
041 ## - LANGUAGE CODE
Language code of text/sound track or separate title MAL
082 ## - DEWEY DECIMAL CLASSIFICATION NUMBER
Classification number 910
Item number BAL/TH
100 ## - MAIN ENTRY--AUTHOR NAME
Personal name Balakrishnan, C.V
-- ബാലകൃഷ്ണൻ സി.വി
245 ## - TITLE STATEMENT
Title തന്നത്താൻ നഷ്ടപ്പെട്ടും പിന്നെത്താൻ കണ്ടെത്തിയും
250 ## - EDITION STATEMENT
Edition statement 3
260 ## - PUBLICATION, DISTRIBUTION, ETC. (IMPRINT)
Place of publication kOTTAYAM
Name of publisher DCBOOKS
Year of publication 2022
300 ## - PHYSICAL DESCRIPTION
Number of Pages 152
942 ## - ADDED ENTRY ELEMENTS (KOHA)
Koha item type Books
Holdings
Withdrawn status Lost status Damaged status Collection code Home library Current library Shelving location Date acquired Source of acquisition Full call number Accession Number Koha item type
      Fiction KAUAET KAUAET General Stacks 25/03/2023 EEDEEYOU, Manjeri 910 BAL/TH 26119 Books
free website counter